Statistiche per Vincitori Pallone d'Oro

Clicka qui per fare il quiz!

Statistiche generali

  • Questo quiz è stato fatto 322 volte
  • Il punteggio medio è 42 su 66

Statistiche sulle risposte

EdizioneNazioneVincitore% Corretto
2010ArgentinaLionel Messi
100%
2011ArgentinaLionel Messi
100%
2021ArgentinaLionel Messi
100%
2019ArgentinaLionel Messi
100%
2009ArgentinaLionel Messi
100%
2015ArgentinaLionel Messi
100%
2012ArgentinaLionel Messi
100%
2000BrasileRonaldo
100%
2002BrasileRonaldo
100%
1997BrasileRonaldo
100%
2008PortogalloCristiano Ronaldo
97%
2014PortogalloCristiano Ronaldo
97%
2013PortogalloCristiano Ronaldo
97%
2016PortogalloCristiano Ronaldo
97%
2017PortogalloCristiano Ronaldo
97%
2018CroaziaLuka Modric
95%
2006ItaliaFabio Cannavaro
94%
2022FranciaKarim Benzema
91%
2007BrasileKakà
89%
2005BrasileRonaldinho
89%
1998FranciaZinedine Zidane
89%
2003Repubblica CecaPavel Nedvěd
84%
1988OlandaMarco Van Basten
83%
1992OlandaMarco Van Basten
83%
1989OlandaMarco Van Basten
83%
2004UcrainaAndrij Ševčenko
81%
1993ItaliaRoberto Baggio
79%
1983FranciaMichel Platini
78%
1984FranciaMichel Platini
78%
1985FranciaMichel Platini
78%
2001InghilterraMichael Owen
76%
1987OlandaRuud Gullit
76%
1995LiberiaGeorge Weah
68%
1957Argentina/SpagnaAlfredo Di Stéfano
65%
1959Argentina/SpagnaAlfredo Di Stéfano
65%
1971OlandaJohan Cruyff
65%
1973OlandaJohan Cruyff
65%
1974OlandaJohan Cruyff
65%
1968Irlanda del NordGeorge Best
61%
1982ItaliaPaolo Rossi
59%
1999BrasileRivaldo
59%
1976GermaniaFranz Beckenbauer
56%
1972GermaniaFranz Beckenbauer
56%
1990GermaniaLothar Matthäus
55%
1965PortogalloEusébio
54%
1969ItaliaGianni Rivera
44%
1994BulgariaHristo Stoičkov
37%
1961Argentina/ItaliaOmar Sivori
37%
1996GermaniaMatthias Sammer
36%
1966InghilterraBobby Charlton
34%
1991FranciaJean-Pierre Papin
32%
1970GermaniaGerd Müller
29%
1960SpagnaLuis Suárez
28%
1963Unione SovieticaLev Jašin
27%
1981GermaniaKarl-Heinz Rummenigge
25%
1980GermaniaKarl-Heinz Rummenigge
25%
1958FranciaRaymond Kopa
23%
1956InghilterraStanley Matthews
18%
1979InghilterraKevin Keegan
16%
1978InghilterraKevin Keegan
16%
1964ScoziaDenis Law
13%
1986Unione SovietivaIgor Belanov
12%
1977DanimarcaAllan Simonsen
8%
1967UngheriaFlórián Albert
8%
1962CecoslovacchiaJosef Masopust
7%
1975Unione SovieticaOleh Blochin
7%

Distribuzione punteggi

Percentile per numero di risposta

Percentuale di utenti per punteggio

I tuoi punteggi nel tempo

Non hai fatto questo quiz